JetPunk will be down very briefly at 3:00PM EST (12:00PM PST, 8:00PM GST)

Statistics for Asian Cities Chain

Click here to take the quiz!

General Stats

  • This quiz has been taken 49 times
  • The average score is 18 of 26

Answer Stats

ClueCity% Correct
Where the first Atomic Bomb
was dropped
Hiroshima
97%
COVID-19 started from this cityWuhan
95%
Most populous city in the ArabiaRiyadh
92%
Site of the bloodiest battle of the
Syrian Civil War
Aleppo
82%
City with the most Jewish populationTel Aviv
79%
Turkish city formerly known as SmyrnaIzmir
79%
Third-biggest urban area in JapanNagoya
77%
Capital of Kazakhstan until 1998Almaty
77%
Dalai Lama fleed this city in 1959Lhasa
77%
Biggest Asian city on an island
in the Mediterranean
Nicosia
77%
National capital in IndochinaVientiane
72%
Center of the "Islamic Golden Age"Baghdad
72%
Chinese city site of the 1937 massacreNanjing
72%
Home to South Korea busiest airportIncheon
67%
2010 Commonwealth Games hostDelhi
67%
Main city of the island BaliDenpasar
64%
Headquarters of HamasGaza
62%
Where Gandhi started his Salt MarchAhmedabad
59%
"The Kite Runner" was mainly set hereKabul
59%
Yemeni portAden
56%
Capital of Uttar Pradesh, IndiaLucknow
51%
Biggest Russian city on the Irtysh RiverOmsk
51%
With Islamabad, it is one half
of the "Twin Cities"
Rawalpindi
49%
Biggest city on the Irrawaddy DeltaYangon
49%
Capital of Iraqi KurdistanErbil
41%
Persian for "City of Love"Ashgabat
36%

Score Distribution

Percentile by Number Answered

Percent of People with Each Score

Your Score History

You have not taken this quiz